| 000 | 00635nam a2200217 a 4500 | ||
|---|---|---|---|
| 001 | 3698 | ||
| 003 | CDMR | ||
| 005 | 20151022113002.0 | ||
| 008 | 130412s1996 sp ||||| |||| 00| 0 spa d | ||
| 020 | _a8401390583 | ||
| 040 |
_aCDMR _bcat _cCPC GIRONA |
||
| 100 | 1 |
_aCruz Ruiz, Juan _92634 |
|
| 245 | 1 | 4 |
_aUna memoria de El País _b: 20 años de vida en una redacción _cCruz Ruiz, Juan |
| 260 |
_c1996 _bPlaza & Janés _aBarcelona |
||
| 300 | _a234 p. | ||
| 490 | 0 |
_aCrónica viva de nuestro tiempo _v7 |
|
| 650 | 0 | 4 |
_9468 _aDiaris _zEspanya |
| 650 | 0 | 4 |
_91130 _aPremsa _xHistòria |
| 610 | 2 |
_93256 _aDiario El País, S.L. |
|
| 942 |
_cMON _2udc |
||
| 999 |
_c3698 _d3698 |
||